On This Day (April 1st) Multiple Choice - Statistics

General Stats
  • This quiz has been taken 15 times
    6 since last reset
  • The average score is 7 of 16
Answer Stats
Question Answer % Correct
1976 - Which major technology company is founded on this day? Apple
67%
1970 - US President Richard Nixon signs a bill limiting what from 1st Jan 1971 ? Cigarette Advertising
67%
2004 – Google announces the start of which service to the public ? Gmail
67%
1924 – Adolf Hitler is sentenced to five years imprisonment for his participation in the "Beer Hall Putsch" but spends how long in jail ? Nine Months
67%
1873 – The White Star steamer RMS Atlantic sinks, killing 547 in one of the worst marine disasters of the 19th century, off the coast of which area ? Nova Scotia
67%
1944 – Navigation errors lead to an accidental American bombing of which Swiss city ? Schaffhausen
67%
1989 – Margaret Thatcher's new local government tax, the Community Charge or Poll Tax is introduced in which part of the UK ? Scotland
67%
1973 – A project is launched in the Jim Corbett National Park, India to conserve which animal ? Tiger
67%
1970 – The first of over 670,000 examples of which model of car are released into North America to compete with foreign imported cars ? AMC Gremlin
33%
1293 – Robert Winchelsey leaves England for Rome, to be consecrated as Archbishop of where ? Canterbury
33%
1955 – The EOKA rebellion against the British Empire begins in which country ? Cyprus
33%
1854 – Which of Charles Dickens' novels begins serialisation in his magazine Household Words ? Hard Times
33%
1545 – The city of Potosí, Bolivia, is founded after the discovery of which metal in the area ? Silver
33%
325 – Crown Prince Jin Chengdi, succeeds his father Jin Mingdi as emperor of the Eastern Jin dynasty at what age ? 4 years
0%
2002 - The Netherlands becomes the first nation to legalize what ? Euthanasia
0%
457 – Majorian is acclaimed emperor by the Roman army after defeating 900 Alemanni near which lake ? Lake Maggiore
0%
No matching quizzes found
Score Distribution
Percent of People with Each Score
Percentile by Number Answered
Your Score History
You have not taken this quiz since the last reset